LEADER 01315nam0-2200265---450 001 9910631799603321 005 20221213123642.0 100 $a20221213d1899----km-y0itay50------ba 101 0 $afre 102 $aNL 105 $ay-------001yy 200 1 $aProdrome de la flore algologique des Indes Néerlandaises (Indes Néerlandaises et parties des territoires de Bornéo et de la Papuasie non hollandaises)$esupplement et tabelaux statistiques$fpar E. de Wildeman 210 $aBatavia$cImprim. de l'etat$d1899 215 $aVII, 277 p.$d25 cm 317 $aEx libris di Giovanni Battista De Toni "Ex libris Ioannis Baptistæ De Toni" su cartellino a stampa applicato sull'occhietto$5IT-NA0338: M I 12 700 1$aWildeman,$bEmil : de$0352971 702 1$aDe Toni,$bGiovanni Battista$f<1864-1924>$4390$9Precedente proprietario$5IT-NA0338: M I 12 801 0$aIT$bUNINA$gREICAT$2UNIMARC 856 4 $zVisualizza la versione elettronica in EROMM$uhttps://archive.org/details/prodromedelaflo00wildgoog/page/n12/mode/2up$e20221213 901 $aBK 912 $a9910631799603321 952 $aM I 12$fDBV 959 $aDBV 996 $aProdrome de la flore algologique des Indes Néerlandaises (Indes Néerlandaises et parties des territoires de Bornéo et de la Papuasie non hollandaises)$92982452 997 $aUNINA LEADER 00925nam a2200229 i 4500 001 991003493309707536 008 180417s2016 de 000 0 eng d 020 $a9783631674079 035 $ab14341578-39ule_inst 040 $aBibl. Interfacoltà T. Pellegrino$bita 100 1 $aClassen, Albrecht$016691 245 10$aReading medieval European women writers :$bstrong literary witnesses from the past /$cAlbrecht Classen 260 $aFrankfurt am Main ; New York :$bPeter Lang, 2016 300 $a430 p. ;$c22 cm 650 4$aScrittrici$ySec. 11.-14. 650 4$aLetteratura$xMedioevo 907 $a.b14341578$b17-04-18$c17-04-18 912 $a991003493309707536 945 $aLE002 SB 809.8928 CLA$g1$i2002001086838$lle002$op$pE65.05$q-$rn$so $t0$u0$v0$w0$x0$y.i15843816$z17-04-18 996 $aReading medieval European women writers$91748689 997 $aUNISALENTO 998 $ale002$b17-04-18$cm$da $e $feng$gde $h0$i0